| 000 | 00912nas a2200313 4500 | ||
|---|---|---|---|
| 001 | BR9600765 | ||
| 003 | BR-BrBNA | ||
| 005 | 20231205095657.0 | ||
| 007 | ta | ||
| 008 | 230509b bl.|||p| |||| 00| 00por d | ||
| 040 |
_aBR-BrBNA _bpor _cBiblioteca Nacional de Agricultura |
||
| 041 | _a(Pt) | ||
| 072 | _aF63 | ||
| 100 | 1 | _aTulmann Neto, A. | |
| 100 | 1 | _aPeixoto, T. | |
| 100 | 1 | _aAlves, M.C. | |
| 100 | 1 | _aOliveira, J.C.V. | |
| 100 | 1 | _aMenten, J.O.M. | |
| 100 | 1 | _aAthayde, M. | |
| 245 | 1 | _aInducao de mutacao na cultivar de soja IAC-8 visando a obtencao de precocidade | |
| 650 | _aSoja | ||
| 650 | _aFloracao | ||
| 650 | _aMaturacao | ||
| 650 | _aMutacao Induzida | ||
| 650 | _aPrecocidade Vegetal | ||
| 773 | 0 |
_tPesquisa Agropecuaria Brasileira (Brazil) _xISSN 0100-204X _g(Feb 1995), v. 30(2) p. 237-244 _wBR9600765 |
|
| 909 |
_a202311 _bLúcia _c55 _dLúcia Elande |
||
| 942 |
_2AGRIS _n0 _cANA |
||
| 999 |
_c152067 _d152067 |
||